Т. 11, вып. 1; Известия Западно-Сибирского геолого-разведочного управления

Bibliografiske detaljer
Parent link:Известия Западно-Сибирского геолого-разведочного управления/ Западно-Сибирское районное геологоразведочное управление. Т. 11, вып. 1.— , 1930-
Andre forfattere: Усов М. А. Михаил Антонович (редактор)
Sprog:russisk
Udgivet: 1931
Fag:
Format: MixedMaterials Bog
KOHA link:https://koha.lib.tpu.ru/cgi-bin/koha/opac-detail.pl?biblionumber=234170

MARC

LEADER 00000nam2a2200000 4500
001 234170
005 20231101231311.0
035 |a (RuTPU)RU\TPU\book\255272 
035 |a RU\TPU\book\253102 
090 |a 234170 
100 |a 20130319d1931 k y0rusy50 ca 
101 0 |a rus 
102 |a RU 
105 |a a z 001zy 
200 0 |a Т. 11, вып. 1  |f отв. ред. М. А. Усов 
210 |d 1931 
215 |a 220 с.  |c ил. 
316 |5 63413507: КР-1057  |a На титульном листе владельческая подпись: "К. Радугин" 
317 |5 63413507: КР-1057  |a Поступила в НТБ в 2004 г. в составе книжного собрания профессора ТПИ К. В. Радугина 
320 |a Библиография в конце статей 
461 1 |0 (RuTPU)RU\TPU\book\253102  |t Известия Западно-Сибирского геолого-разведочного управления  |f Западно-Сибирское районное геологоразведочное управление  |v Т. 11, вып. 1  |d 1930- 
606 1 |a Геологоразведочное дело  |2 stltpush  |3 (RuTPU)RU\TPU\subj\6125  |9 34083 
610 1 |a Кузнецкий каменноугольный бассейн 
610 1 |a девонские отложения 
610 1 |a стратиграфия 
610 1 |a тектоника 
610 1 |a Енисей 
610 1 |a геологическое строение 
610 1 |a Тельбесский железорудный район 
610 1 |a месторождения 
610 1 |a известняки 
610 1 |a Сибирь 
610 1 |a палеонтология 
610 1 |a библиотека К. В. Радугина 
610 1 |a библиотека М. А. Усова 
610 1 |a владельческая надпись 
675 |a 550.8  |v 3 
702 1 |a Усов  |b М. А.  |c российский геолог  |c профессор Томского технологического института  |f 1883-1939  |g Михаил Антонович  |2 stltpush  |3 (RuTPU)RU\TPU\pers\1941  |4 340 
801 1 |a RU  |b 63413507  |c 20130207 
801 2 |a RU  |b 63413507  |c 20190402  |g RCR 
942 |c BK